Políticas familiares y de género en argentina, bolivia, colombia, chile, cuba (2000-2013) /
Guardado en:
| Otros Autores: | , , |
|---|---|
| Formato: | Libro |
| Publicado: |
Buenos Aires :
Clacso,
2015
|
| Materias: | |
| Etiquetas: |
Agregar Etiqueta
Sin Etiquetas, Sea el primero en etiquetar este registro!
|
| LEADER | 00809nam a22002175a 4500 | ||
|---|---|---|---|
| 001 | EHU.bham045682 | ||
| 003 | AR-BHAM | ||
| 005 | 20190807125807.0 | ||
| 008 | 130507s2015##################000#0#####d | ||
| 020 | |a 9789877221398 | ||
| 082 | 3 | 9 | |a 396.98 |
| 245 | 0 | 0 | |a Políticas familiares y de género en argentina, bolivia, colombia, chile, cuba (2000-2013) / |c Ed. Por Graciela Di Marco, Jhoana Alexandra Patiño, Luisa Fernanda Giraldo |
| 260 | |a Buenos Aires : |b Clacso, |c 2015 | ||
| 300 | |a 197 p. | ||
| 653 | |a Políticas familiares | ||
| 653 | |a Género-políticas de | ||
| 653 | |a Sociología latinoamericana-2000-2013 | ||
| 700 | 1 | |a Di Marco, Graciela, ed. | |
| 700 | 1 | |a Patiño, Jhoana Alexandra, ed. | |
| 700 | 1 | |a Giraldo, Luisa Fernanda, ed. | |
| 859 | |a AR-BHAM |b BIB. HUMANIDADES - General |h 396.98 |i P759 |p 3783.19 |t Ej.1 | ||
